| 000 | 01012cam a22002891 4500 | ||
|---|---|---|---|
| 001 | gs 66000291 | ||
| 003 | DLC | ||
| 005 | 20260227111420.0 | ||
| 008 | 780829s1965 gauab b s000 0 eng | ||
| 010 | _ags 66000291 | ||
| 035 | _a(OCoLC)4176988 | ||
| 040 |
_aDLC _cUU _dOCoLC _dDLC |
||
| 042 | _apremarc | ||
| 050 | 0 | 0 |
_aQE101 _b.A12 no. 76 |
| 100 | 1 |
_aMilton, Charles, _d1896- |
|
| 245 | 1 | 0 |
_aSubsurface "basement" rocks of Georgia, _cby Charles Milton and Vernon J. Hurst. |
| 260 |
_aAtlanta, _c1965. |
||
| 300 |
_aiv, 56 p. _billus., fold. map(in pocket) _c23 cm. |
||
| 490 | 1 |
_aGeorgia. Dept. of Mines, Mining and Geology. Bulletin _vno. 76 |
|
| 500 | _a"Prepared cooperatively with the U.S. Geological Survey." | ||
| 504 | _aBibliography: p.50-51. | ||
| 650 | 0 |
_aPetrology _zGeorgia. |
|
| 650 | 0 |
_aPetroleum _xGeology _zGeorgia. |
|
| 700 | 1 |
_aHurst, Vernon J. _ejoint author. |
|
| 710 | 2 | _aGeological Survey (U.S.) | |
| 810 | 1 | 0 |
_aGeorgia. _bDepartment of Mines, Mining and Geology. _tBulletin _vno. 76. |
| 999 |
_c30263 _d30263 |
||